000 00628nam a2200217Ia 4500
003 OSt
005 20230613153742.0
008 210423s2015 xx 000 0 und d
020 _a978-93259-9032-6
040 _cAL
041 _aeng
082 _a657.42
_223
_bGILC
100 _aGILL (Suveera)
_984594
245 _aCost and management accounting: fundamentals and its applications
260 _aNoida
_bVikas Publications
_c2015
300 _axx,779
_bPB
365 _b565
_cINR
650 _aCost Accounting
_984595
906 _aaccounting: ; applications ; Cost ; fundamentals ; its ; management
942 _2ddc
_cBK
999 _c169321
_d169321